000 00444cam a2200193ua 4500
001 2812
005 20260515113558.0
008 110908n ii |||gr||||Z||||||asm
040 _cMAIN
082 _a891.4512
100 1 _eAuthor.
245 1 1 _aRukmini haran Naat
_cby
250 _a4th.
260 _aGuahati:
_bLawyers book stall,962.
300 _a68p:
_c23cm.
653 _aAssamese drama
653 _aRukmini haran Naat
942 _cBK
999 _c2659
_d2659